Eminem Songs - Sudden Death - Statistics

General Stats
  • This quiz has been taken 230 times
  • The average score is 12 of 17
Answers on the Grid
Answers color-coded by a green-red scale on the quiz's grid according to % correct below.
Without Me
Stan
My Name Is
Toxic
Role Model
Venom
Upside Down
Just Lose It
Darkness
Pound The Alarm
Batman
Houdini
Lose Yourself
The Way I Am
I Found It
Superman
Bruno Get Out Of My Face
Like Toy Soldiers
Rip Rap
Tobey
Like Barbie Dolls
Michigan Mother
Cleanin' Out My Closet
Spencer
Dan
Seven Days
Guilty Conscience
Hellbound
The Way We Were
Sing For The Moment
 
Answer Stats
Answer % Correct
My Name Is
95%
Without Me
94%
Lose Yourself
93%
Stan
93%
Houdini
86%
Venom
82%
Superman
78%
The Way I Am
76%
Cleanin' Out My Closet
74%
Like Toy Soldiers
72%
Just Lose It
70%
Sing For The Moment
69%
Guilty Conscience
62%
Role Model
53%
Tobey
48%
Darkness
40%
Hellbound
36%
No matching quizzes found
Score Distribution
Percent of People with Each Score
Percentile by Number Answered
Your Score History
You have not taken this quiz